00810nam a22002177a 450000500170000000800410001702000180005804000210007604100080009708200170010524501240012226000580024630000150030465000300031970000310034970000310038070000270041194200120043899900170045095201250046720240517052910.0240517b |||||||| |||| 00| 0 eng d a9789393864338 aIN-DiNCcIN-DiNC deng a954.162bSOC aSocial cultural and political history of colonial Assam/ced. by Rabindra Bordoloi, Deva Jyoti Chetia and Atul Hazarika aGuwahati:bAssam College Teachers Association,c2024. axii, 362p. aColonial history of Assam aBordoloi, RabindraeEditor aChetia, Deva JyotieEditor aHazarika, AtuleEditor 2ddccBK c11819d11819 00102ddc40708HISaMAINbMAINcGENd2024-05-17g500.00l0o954.162 SOCp29986r2024-05-17 05:30:11t1w2024-05-17yBK